FIFA World Ranking (Men's football) - Statistics

General Stats
  • This quiz has been taken 109 times
    68 since last reset
  • The average score is 37 of 50
Answer Stats
Place Answer % Correct
3 Brazil
100%
2 France
100%
7 Argentina
98%
1 Belgium
96%
4 England
96%
9 Mexico
94%
10 Italy
93%
6 Spain
93%
14 Netherlands
91%
5 Portugal
91%
39 Russia
91%
20 Sweden
89%
13 Germany
87%
22 United States
87%
12 Denmark
85%
27 Japan
85%
11 Croatia
83%
44 Norway
83%
41 Australia
81%
15 Colombia
81%
16 Switzerland
81%
24 Ukraine
81%
38 South Korea
80%
8 Uruguay
80%
23 Austria
78%
42 Ireland
78%
32 Turkey
76%
17 Chile
74%
19 Poland
74%
48 Scotland
74%
49 Egypt
72%
18 Wales
72%
25 Peru
70%
35 Morocco
67%
20 Senegal
67%
33 Slovakia
67%
40 Hungary
63%
29 Iran
63%
30 Serbia
63%
42 Czech Republic
61%
46 Iceland
61%
31 Algeria
57%
35 Nigeria
57%
34 Paraguay
56%
37 Romania
54%
50 Cameroon
50%
45 Northern Ireland
43%
28 Venezuela
43%
26 Tunisia
39%
47 Jamaica
19%
No matching quizzes found
Score Distribution
Percent of People with Each Score
Percentile by Number Answered
Your Score History
You have not taken this quiz since the last reset